[Event "EU-Cup 15th final"]
[Site "Bugojno"]
[Date "1999.10.31"]
[Round "3"]
[White "Tseitlin, Mark D"]
[Black "Kobalia, Mihail"]
[Result "1/2-1/2"]
[WhiteElo "2496"]
[BlackElo "2573"]
[Annotator "Ribli,Z"]
[PlyCount "93"]
[EventDate "1999.10.29"]
[EventType "team-k.o."]
[EventRounds "3"]
[EventCountry "BIH"]
[SourceTitle "EXT 2020"]
[Source "ChessBase"]
[SourceDate "2019.10.17"]
[SourceVersion "1"]
[SourceVersionDate "2019.10.17"]
[SourceQuality "1"]
[WhiteTeam "Beer-Sheva Chess Club"]
[BlackTeam "Kiseljak"]
[WhiteTeamCountry "ISR"]
[BlackTeamCountry "BIH"]

1. e4 c5 2. Nf3 e6 3. Nc3 a6 4. g3 b5 5. d4 cxd4 6. Nxd4 {Weiss spielt ebenso
wie einen Tag fr�her - siehe seine Partie gegen Kurajica!} Bb7 7. Bg2 Nf6 (
7... b4 $5) 8. Bg5 $6 {M.E. ist diese Fesselung wenig effktiv.} (8. a3 $5 {
Wenn Schwarz nicht 7...b4 (oder 6...b4) gespielt hat, scheint dieser Zug
logisch zu sein - Weiss sichert seinen e4-Zentrumsbauern.}) 8... Be7 9. O-O (9.
a3 d6 10. O-O Qb6 (10... Nbd7 11. e5 Bxg2 12. exf6 Bxf1 13. Nxe6 fxe6 14. fxg7
Kf7 15. gxh8=Q Qxh8 16. Qh5+ Kf8 17. Qf3+ Kg7 18. Bxe7 {1/2-1/2 Pantavos,
T-Velikov,P/ Hania 1991/EXT 97 (32)}) 11. Be3 Qc7 12. f4 Nbd7 13. f5 e5 14. Nb3
Rc8 15. Rf2 h6 16. h3 Nb6 {1/2-1/2 Nikolaidis,K-Velikov,P/Ikaria 1994/EXT 97 
(27)}) (9. Qe2 $5) 9... b4 10. Na4 Qa5 $1 {Nach diesem Zug bekommt Weiss
Probleme mit seiner Figurenkoordination. Das ist noch eine theoretische
Stellung, aber sie ist schon vorteilhaft f�r Schwarz.} 11. Bxf6 Bxf6 12. Nb3
(12. c3 $142) 12... Qc7 $6 {Ich kann das nicht verstehen! In CBM 73 habe ich
schon die Partie Benjamin, J-Serper,G/Salt Lake City 1999 analysiert, wo
Schwarz praktisch eine gewonnene Stellung nach 12...Qxa4 hatte. Es gibt nur
zwei M�glichkeiten - entweder hat Weiss eine Verbesserung (aber was, die
ganze Variante ist forciert) oder Tseitlin ebenso wie Kobalija kennen die
neueste Schachtheorie nicht. Der Zug 12...Qc7 selbst ist nicht schlecht, aber
die Alternative ist viel besser.} (12... Qxa4 $1 13. Nc5 Qc6 14. Nxb7 Be5 15.
Nd6+ Qxd6 16. Qxd6 Bxd6 17. e5 Bxe5 18. Bxa8 Bxb2 19. Rab1 Bc3 20. a3 a5 21.
axb4 axb4 22. Be4 Ke7 {-/+}) 13. Nac5 {Weiss muss sich beeilen mit dem
Springer, sonst spielt Schwarz d6 und nimmt dem Springer das c5-Feld.} Bc6 (
13... Bxb2 $5 14. Rb1 Bc3 (14... Be5 15. f4 Bc3) 15. Nxb7 Qxb7 16. e5 Nc6 {
Weiss hat etwas Kompensation f�r den Bauern, aber ich bin nicht �berzeugt,
ob sie gen�gend ist.} 17. Qd6 Qb8 18. Nc5 Nxe5) 14. Nd3 {Endlich ist der
Springer in Sicherheit - es h�ngt vielleicht auch b4 und der b2P ist
verteidigt.} (14. Nd4 O-O {=}) 14... a5 {=+ Schwarz hat das L�uferpaar und
eine bequeme Stellung. Der a-Bauer ist gef�hrlich f�r Weiss.} 15. a3 bxa3 (
15... a4 16. Nd2) 16. Rxa3 a4 17. Nd2 O-O {Schwarz hat einen f�hlbaren
positionellen Druck am Damenfl�gel, aber Weiss hat keine besonderen
Schw�chen.} 18. Re1 d6 {Dieser Zug ist gegen den Vorstoss e4-e5 gerichtet,
aber Schwarz kann auch Nd7 spielen.} 19. c3 $1 {Weiss schw�cht das b3-Feld,
aber schr�nkt die Wirkung des f6-L�ufers ein und sichert einen festen
Punkt f�r einen Springer auf b4.} Ra7 {Nach dem folgenden Springerzug nach
b4 muss Schwarz mit dem L�ufer auf der Diagonale a4-e8 ziehen, und mit dem
Turmzug vermeidet er Motive mit e4-e5.} (19... Na6 $5 {Auf diese Weise Schwarz
kann den Zug Nb4 verhindern.Ribli.} 20. e5 dxe5 21. Bxc6 Qxc6 22. Rxa4 Rfd8 {=+
}) 20. Nb4 Bd7 21. Bf1 $5 {= Auf den ersten Blick eine sonderbare Fortsetzung,
aber Weiss verhindert so den Zug 21...Na6, was strategisch gut f�r Schwarz
w�re, da der b4N getauscht werden k�nnte. Schwarz hat nun
Entwicklungsprobleme mit dem b8N.} Rd8 (21... Nc6 $6 22. Rxa4 {+/-}) 22. Nf3
Be8 23. Nd4 {Schwarz hat immer noch Probleme mit der Entwicklung des Springers.
Jetzt w�re nach 23...Nd7 24. Nb5 sehr unangenehm.} Qb6 24. Ndc2 (24. Bg2 Na6
25. Ndc2 {=}) 24... Nd7 25. Ne3 Nc5 26. Bg2 Qb8 (26... Nb3 $5 {Es droht nichts,
aber der Springer steht sch�n auf b3.}) 27. h4 {Ein guter Wartezug,
eventuell gegen Bg5 gerichtet.} h6 28. Qf3 Be7 29. Nec2 {Wir sehen einen
typischen Man�verkampf oder nur ein Zeitnotspiel. Tatsache ist, dass es mit
beiden Farben schwer ist einen konkreten Spielplan zu w�hlen, da in beiden
Stellungen alles verteidigt ist.} Qc7 30. Qe3 Qb6 31. Nd4 Rc7 {Schwarz hat
eine sch�ne Stellung und dank seines a4P Raumvorteil am Damenfl�gel, aber
der b4N verteidigt alles.} 32. Raa1 Rcc8 33. Red1 Bf6 34. Ndc2 Qb8 35. Ra3 Bb5
36. Nd4 Be8 (36... Bc4 37. Ndc6 Rxc6 38. Nxc6 Qxb2 39. Rda1 {+=}) 37. Bf1 Qb6
38. Ndc2 Rb8 39. Raa1 Qb7 40. Re1 {Die "Ergebnisse" im Vergleich zum 27.
schwarzen Zug (27...h6) - die wei�e Dame steht statt auf d1 nun auf e3, der
Turm statt a3 auf a1, der Springer statt e3 auf c2 und der L�ufer statt g2
auf f1. Schwarz - Dame statt b8 auf b7 und Turm statt a7 auf b8. In
Wirklichkeit wir haben dieselbe Stellung mit kleinen Unterschieden.} (40. Bg2 {
=}) 40... Rbc8 41. Na3 Qb8 42. Rad1 Nb3 {Endlich erscheint der Springer auf b3,
aber das gibt nichts Konkretes.} 43. Na6 Qb7 44. Nb4 Qb8 45. Na6 Qa8 46. Nb4
Qb8 47. Na6 1/2-1/2

[Event "EU-Cup 15th final"]
[Site "Bugojno"]
[Date "1999.10.30"]
[Round "2"]
[White "Tseitlin, Mark D"]
[Black "Kurajica, Bojan"]
[Result "0-1"]
[WhiteElo "2496"]
[BlackElo "2541"]
[Annotator "Ribli,Z"]
[PlyCount "70"]
[EventDate "1999.10.29"]
[EventType "team-k.o."]
[EventRounds "3"]
[EventCountry "BIH"]
[SourceTitle "EXT 2020"]
[Source "ChessBase"]
[SourceDate "2019.10.17"]
[SourceVersion "1"]
[SourceVersionDate "2019.10.17"]
[SourceQuality "1"]
[WhiteTeam "Beer-Sheva Chess Club"]
[BlackTeam "Sarajevo Bosna"]
[WhiteTeamCountry "ISR"]
[BlackTeamCountry "BIH"]

{[%mdl 2112]} 1. e4 c5 2. Nf3 e6 3. Nc3 a6 4. d4 cxd4 5. Nxd4 b5 6. g3 {
Diese ganze Variante ist nicht logisch - nach meiner Meinung - wenn Schwarz
schon b7-b5 gespielt hat. Die prinzipielle Variante wäre 6.Bd3; 6.f4 kommt
auch in Betracht.} b4 7. Na4 (7. Nb1 Bb7 8. Bg2 Nf6 9. Nd2 (9. Bg5 h6 10. Bxf6
Qxf6 $15) 9... d5 10. e5 Nfd7 11. f4 Qb6 12. N2f3 Bc5 13. O-O Nc6 14. Be3 O-O
15. Kh1 a5 {0-1 Walther,E-Portisch,L/Madrid 1960/MCD (41)}) 7... Bb7 8. Bg2 Nf6
9. O-O {Weiss verteidigt seinen Zentrumbauern nicht. Nach meiner Meinung wäre
es besser mit 9.De2 fortzusetzen mit unklaren Chancen.} (9. Bg5 Be7 10. O-O Qa5
11. Bxf6 Bxf6 12. Nb3 Qxa4 13. Nc5 Qc6 14. Nxb7 Be5 15. Nd6+ Qxd6 16. Qxd6 Bxd6
17. e5 Bxe5 18. Bxa8 Bxb2 19. Rab1 Bc3 20. a3 a5 21. axb4 axb4 22. Be4 Ke7 (
22... d5 23. Bd3 Ke7 24. f4 Nc6 25. Kg2 f6 26. Rf2 Nd4 27. g4 e5 28. fxe5 fxe5
29. Rbf1 Kd6 30. Rf7 e4 31. Ba6 Nxc2 32. Kh3 Rb8 {0-1 Bistric,F-Sax,G/Sarajevo
1982/MCD (32)}) 23. Rfd1 d5 24. Bd3 Nc6 25. Bb5 Ne5 {0-1 Benjamin,J-Serper,G/
Salt Lake City 1999/CBM 73_07 (46)}) (9. Qe2 d6 (9... Nc6 10. Be3 Nxd4 11. Bxd4
Be7 12. b3 Bc6 13. c4 bxc3 14. Nxc3 Qa5 15. f4 Bb4 {0-1 Zinn,L-Portisch,L/
Halle 1967/EXT 99 (40)}) 10. O-O Nbd7 11. a3 a5 12. Rd1 e5 13. Nb5 Ba6 14. axb4
axb4 15. c4 bxc3 16. Naxc3 Bxb5 17. Rxa8 Bxe2 18. Rxd8+ Kxd8 19. Nxe2 Be7 {
1-0 Kupreichik,V-Sulskis,S/Minsk 1996/CBM 54/[Endgame-CD] (77)}) 9... d6 {
Schwarz nimmt nicht auf e4, sondern spielt einen natürlichen Entwicklungszug.
Der a4N steht schlecht, aber Weiss hat Entwicklungsvorteil, deshalb muss
Schwarz vorsichtig sein.} (9... Bxe4 10. Bxe4 Nxe4 11. Re1 $44 d5 12. Nxe6 fxe6
13. Qh5+ g6 14. Qe5 Qf6 (14... Rg8 $2 15. Qxe6+ $18 {[%cal Re6e8,Re6g8]}) 15.
Rxe4 Qxe5 16. Rxe5 {1/2-1/2 Sikora Lerch,J-Rasik,V/CZE-chT2 9596 1996/EXT 98 
(16) 0,55-0,57}) 10. Re1 e5 {Schwarz hat Angst von eventuellem e4-e5, deshalb
schließt er das Zentrum.} (10... Nbd7 11. e5 $5 Bxg2 12. exf6 Bh3 $13 (12...
Bd5 13. fxg7 Bxg7 14. Nf5 $40 {[%cal Rf5d6,Rf5g7]}) 13. Qh5 {[%cal Rd4e6,Rh5h3]
} Qxf6) (10... Be7 $2 {[#]} 11. e5 {[%cal Re5f6,Rg2b7] Bei Bg2 - und 
(unverteidigt) b7-Läuferstellung muss Schwarz immer mit diesem Motiv rechnen.}
Nd5 (11... Bxg2 12. exf6 $18 {[%csl Re7,Rg2][%cal Rg1g2,Rf6e7]}) 12. Nf5 $40 {
[%csl Re8,Gf5][%cal Ge1e8,Rf5g7,Rg7e8]}) 11. Nf5 $13 {Weiss hat nicht nur
Entwicklungsvorteil, auch das Feld d5 ist eine positionelles Loch in der
schwarzen Stellung, aber die weißen Springer stehen sonderbar; so ist die
Stellung unklar.} g6 {Schwarz muss den gefährlichen Springer verjagen.} 12. Ne3
(12. Nh6 $13) 12... Bc6 {[%cal Rc6a4]} (12... Qa5 $6 13. b3 $14 {[%cal Ge3c4,
Gc4a5]}) (12... Nxe4 $6 13. Nd5 $44 {[%csl Yb6,Gd5,Re8][%cal Ge1e8,Gg2b7,Ga4b6]
}) (12... Bxe4 $2 13. Bxe4 Nxe4 14. Qd5 $18 {[%csl Ra8,Re4][%cal Rd5a8,Rd5e4]})
13. c3 (13. c4) 13... a5 $5 (13... Qa5 14. b3 (14. Nc4 Qxa4 15. Nxd6+ (15. Qxa4
) 15... Ke7 (15... Bxd6 16. Qxd6 {[%csl Re8][%cal Rd6e5,Rd6f6]} Nbd7 17. Bg5
Ng8 18. Bh3 $44) 16. Nc8+ Ke8 {Es ist fraglich, ob Weiss mehr hat als ewiges
Schach mit 17.Nd6+.} 17. Qxa4 $6 Bxa4 18. Nb6 Bc6 19. Nxa8 Bxa8 $15) 14... Bxa4
(14... bxc3 15. Nc4 c2 16. Qe2 $36) 15. cxb4 Qxb4 16. bxa4 $14) (13... bxc3 14.
Nxc3 $14 {[%csl Yd5][%cal Gc3d5,Ge3d5]}) 14. Nc4 {[%csl Yb6][%cal Ga4b6,Gb6a8]}
(14. Bd2 $5 $14) 14... Nbd7 15. Bd2 (15. cxb4 axb4 16. b3 $13) 15... Rc8 {
[%cal Gc8c4]} (15... Be7 $5 $13) 16. Ne3 bxc3 (16... Nxe4 {Es ist immer sehr
riskant für Schwarz den e4P nehmen.} 17. Bxe4 Bxe4 18. cxb4 axb4 (18... d5 19.
bxa5 $16 {[%cal Ga4b6]}) 19. Bxb4 $36) 17. Nxc3 $14 {[%csl Yd5][%cal Gc3d5,
Ge3d5] Weiss hat großen positionellen Druck gegen das Feld-d5, was ihm einen
kleinen Vorteil bietet.} Be7 18. Nc4 Bb7 (18... Bxe4 19. Nxd6+ (19. Nxe4 Rxc4)
19... Bxd6 20. Nxe4 Nxe4 21. Bxe4 $14 {[%csl Re8] Leider kann Schwarz nicht
rochieren wegen 22.Bh6, und es hängt auf f8 und gleichzeitig auf d6.}) 19. b3
Ba6 $8 (19... O-O $2 20. Nb5 $18 {[%csl Ra5,Rd6][%cal Rc4a5,Rd2a5,Rb5d6,Rc4d6]}
) 20. Bh6 {[%csl Re8]} Bxc4 21. bxc4 Bf8 {Eine interessante Idee - statt einen
Bauern zu gewinnen, opfert Schwarz selbst den d6P.} (21... Rxc4 $5 22. Rc1 $44)
22. Bxf8 Kxf8 23. Qxd6+ Kg7 $44 {[%csl Rc4,Yc5,Yd4,Rg2][%cal Gd7c5] Endlich
ist der schwarze König in Sicherheit. Schwarz hat einen Bauern weniger, aber
er hat starke Kontrolle über die dunkelfarbigen Punkte; der c4P ist eine ewige
Schwäche und der g2B spielt eine passive Rolle.} 24. Nd5 Qf8 25. Qa6 $6 (25.
Qxf8+ Rhxf8 $44 {[%cal Gd7c5]}) 25... Qc5 $1 {[%csl Gc5] Die Dame steht
ausgezeichnet auf c5.} 26. Ne3 $6 {Dieser Zug gefällt mir nicht - der Springer
kommt zurueck um den c4P zu verteidigen.} (26. Qb5 $5) 26... Rc6 27. Qb5 Rb8
28. Qa4 $2 (28. Qxc5 Nxc5 29. Nd5 Rb2 $44 {[%csl Gb2]}) 28... Rb2 {[%csl Gb2]}
29. Qd1 $2 (29. Rab1 Rcb6 $44) 29... Rd6 $17 30. Qc1 (30. Nd5 $4 Qxf2+ $19)
30... Rdd2 {[%csl Gb2,Gd2][%cal Rb2h2,Rb2a2] Schwarz hat überlegenes Spiel und
viel mehr als ausreichende Kompensation für den Bauern.} 31. Rb1 Rxa2 32. Rb5
Qd4 {[%cal Gd7c5,Gc5d3,Gd3c1,Gd3e1]} 33. Kh1 (33. Rd1 Qxe3 $1 34. fxe3 Rxg2+
35. Kf1 Raf2+ 36. Ke1 Nxe4 $19 {[%csl Re1][%cal Rg2g1,Rg1e1]}) 33... Nc5 $1 {
Das Erscheinen des Springers entscheidet die Partie.} (33... Rxf2 $17) 34. Rf1
Nd3 $19 {[%cal Rd3f2,Rf2h1,Rd3c1]} 35. Qb1 Nxf2+ 0-1

[Event "Interzonal-14b"]
[Site "Szirak"]
[Date "1987.??.??"]
[Round "2"]
[White "De la Villa Garcia, Jesus Maria"]
[Black "Portisch, Lajos"]
[Result "1/2-1/2"]
[WhiteElo "2485"]
[BlackElo "2615"]
[Annotator "Ribli,Z"]
[PlyCount "121"]
[EventDate "1987.07.??"]
[EventType "tourn"]
[EventRounds "17"]
[EventCountry "HUN"]
[EventCategory "12"]
[SourceTitle "CBM 003"]
[Source "ChessBase"]
[SourceDate "1988.04.01"]
[SourceVersion "1"]
[SourceVersionDate "1988.04.01"]
[SourceQuality "1"]

1. e4 c5 2. Nf3 e6 3. d4 cxd4 4. Nxd4 a6 5. Nc3 Qc7 6. Be2 b5 7. O-O Bb7 8. Re1
(8. Bf3 Nc6 9. a4 $6 (9. Nxc6) 9... b4 $8 10. Nxc6 bxc3 11. Nd4 Nf6 12. bxc3 $5
{Tseshkovsky} (12. e5 Bxf3 (12... Nd5) 13. Qxf3 Nd5 14. bxc3 $1 Qxe5 15. c4 $1
Qxd4 (15... Bd6 16. Rd1 $16 {|^}) 16. cxd5 $14)) 8... Nc6 9. Nxc6 dxc6 10. e5
Ne7 $5 (10... Rd8) 11. Ne4 $6 (11. Bd3 $142) 11... Nf5 12. Bf4 Rd8 13. Bd3 c5
14. Qh5 Qc6 15. Qh3 Be7 16. Ng5 Rd4 $1 $15 17. Be4 Qb6 18. Qf3 Bxg5 19. Bxg5
Rxe4 20. Rxe4 h6 21. Bd2 (21. Be3 $142) 21... O-O 22. Qe2 Bxe4 23. Qxe4 Rd8 24.
Be3 Rd5 $17 25. h3 Qc7 26. f4 Qd8 27. Kh2 c4 28. a4 b4 29. Rf1 a5 30. Rf3 Qc7
31. Bf2 Rd2 32. Be1 Rd1 33. g4 Nd4 34. Re3 Qa7 35. c3 Nc6 36. Re2 Ne7 37. Bf2
Qa6 38. Bd4 Qc8 39. h4 $2 Rd3 $2 (39... h5 $1 40. gxh5 Nf5 $19) 40. h5 Qc6 41.
cxb4 axb4 42. Qxc6 Nxc6 43. Bb6 Rb3 (43... b3 $5 {/\ Nb4}) 44. a5 c3 45. bxc3
bxc3 46. Re4 $8 c2 47. Rc4 Nb4 48. Bc5 Rb2 $4 (48... Rb1 $1 49. Be3 (49. Bxb4
c1=Q 50. Rxc1 Rxc1 $19) 49... Re1 50. Rxb4 Re2+ $1 $19) 49. Kg3 Nd3 50. Be3 Ra2
51. a6 $10 Rxa6 52. Rxc2 Ra3 53. Re2 Nb4 54. Kf2 Nd5 55. Bd2 Kf8 56. Kg2 Ke7
57. Bc1 Rb3 58. Rc2 Kd7 59. Bd2 f6 60. Bc1 fxe5 61. fxe5 1/2-1/2

[Event "Bundesliga 9900"]
[Site "Germany"]
[Date "2000.03.13"]
[Round "13.4"]
[White "Enders, Peter"]
[Black "Gallagher, Joseph G"]
[Result "0-1"]
[WhiteElo "2478"]
[BlackElo "2558"]
[Annotator "Ribli,Z"]
[PlyCount "84"]
[EventDate "1999.10.09"]
[EventType "team-tourn"]
[EventRounds "15"]
[EventCountry "GER"]
[SourceTitle "CBM 076"]
[Source "ChessBase"]
[SourceDate "2000.05.31"]
[SourceVersion "1"]
[SourceVersionDate "2000.05.31"]
[SourceQuality "1"]
[WhiteTeam "Passau"]
[BlackTeam "Castrop Rauxel"]
[WhiteTeamCountry "GER"]
[BlackTeamCountry "GER"]

1. e4 c5 2. Nf3 e6 3. d4 cxd4 4. Nxd4 a6 5. Nc3 b5 {Dieser Zug ist in letzter
Zeit in Mode. Schwarz kümmert sich nicht um schnelle Entwicklung, sondern
gewinnt zuerst Raum am Damenflügel und beendet später - je nach Spielweise des
Gengers - die Entwicklung.} 6. Bd3 Qb6 7. Nb3 (7. Be3 Bc5 8. Be2 Bb7 {Das ist
die alternative kritische Variante - Schwarz scheint mir gutes Spiel zu haben.}
) 7... Qc7 {Schwarz muss so spielen, sonst kommt Weiß durch 8.a4 b4 9.a5 (mit
Tempo!) Qc7 10.Na4 in Vorteil.} 8. Qf3 {Meiner Meinung nach eine recht
genügsame Fortsetzung. Weiß bereitet den Zug Bf4 vor, aber 8.0-0 nebst f2-f4
bietet Weiß viel bessere Chancen auf Eröffnungsvorteil.} (8. a4 b4 9. Ne2 Bb7
10. Ned4 Nf6 11. Qe2 Nc6 12. Nxc6 Bxc6 13. e5 Ng8 14. O-O Ne7 15. Bg5 Ng6 16.
Rfe1 Bb7 17. Rad1 h6 18. Bd2 Be7 19. Qg4 h5 20. Qc4 Rc8 21. Qxc7 Rxc7 $11 {
Svidler,P-Ehlvest,J/EuT-ch, Pula CRO (03) 1997/ - (47)}) (8. f4 Bb7 9. Qf3 Nf6
10. O-O d6 11. Bd2 Nbd7 12. Rae1 Be7 13. Qh3 b4 14. Nd1 d5 15. e5 Ne4 16. Be3
g6 17. Nf2 Ndc5 18. Nxc5 Nxc5 $6 (18... Bxc5) 19. Bd4 O-O-O 20. Qe3 Kb8 21. c3
$16 {Hartman,C-Kengis,E/Karsten Kold, Gistrup DEN (07) 1997/0-1 (40)}) 8... Bb7
9. Bf4 (9. Qg3 d6 (9... Qxg3 10. hxg3 Nc6 $11) 10. Be3 Nf6 11. f3 Nbd7 12. O-O
Rc8 13. Rfd1 b4 14. Ne2 d5 15. exd5 Nxd5 16. Bd4 e5 17. Bf2 g6 18. Be4 N7f6 19.
Bxd5 Nxd5 20. Kh1 Be7 21. Rac1 {1/2-1/2 Van der Wiel,J-Hoeksema,H/Leeuwarden
1994/EXT 97 (21)}) 9... d6 (9... e5 10. Bd2 Nf6 11. O-O-O $11) 10. O-O-O {
Der weiße Entwicklungsvorsprung ist groß. Jetzt droht 11.Bxb5+ axb5 12.Nxb5
mit siegreichem Angriff. Aber die weißen Figuren stehen etwas unnatürlich. Der
Nb3 steht schlecht, und die Qf3 sowie der Bf4 sind auch sonderbar plaziert.
Wenn der weiße "Blitzkrieg" nicht durchschlägt, hat Schwarz keine Probleme.} b4
11. Ne2 (11. Nb1) (11. Na4 $2 Bc6 12. Nac5 e5 $19) 11... Nd7 12. Kb1 Ngf6 13.
c3 $13 (13. Ng3 g6 14. c3 bxc3 15. Rc1 Bg7 16. Rxc3 Qb6 17. Nd2 Ne5 18. Bxe5
dxe5 19. Rhc1 O-O 20. Rb3 Qa7 21. Rc7 Bxe4 22. Ndxe4 Qxc7 23. Nxf6+ Bxf6 24.
Qxf6 Qa5 25. a3 Rab8 26. Nh5 gxh5 27. Qg5+ Kh8 28. Qf6+ Kg8 29. Qg5+ {1/2-1/2
Thoren,P-Eriksson,M/Sweden 1998/EXT 2000 (29)}) (13. g4 $6 Ne5 14. Bxe5 dxe5
$15) 13... Ne5 $1 (13... bxc3 14. Nxc3 $13) 14. Bxe5 dxe5 {Die schwarzen
Bauern auf e6 und e5 stehen sehr gut und kontrollieren praktisch alle
wichtigen Punkte im Zentrum. Der Nb3 hat keine große Zukunft, und auch der Ne2
steht unglücklich.} 15. cxb4 (15. Qe3 $5 {Auf diese Weise konnte Weiß seinen
Gegner des Schlüsselfeldes b6 berauben und anschließend Rc1 spielen. In der
Partie wurde dieser Zug erst nach 15.cxb4 Bxb4 gespielt, und das ist - meiner
Meinung nach - vorteilhaft für Schwarz.}) 15... Bxb4 16. Qe3 O-O {Endlich hat
Schwarz die Entwicklung beendet. Dank des Läuferpaares hat er eine bequeme
Stellung. Weiß hat keine Angriffschancen am Königsflügel.} 17. Rc1 Qd6 (17...
Qe7) 18. f3 (18. Rhd1 Rac8 $13) 18... a5 $36 {[%cal Ga5a4]} 19. Rhd1 (19. Na1
Rfd8 20. Rhd1 Ba6 21. Bxa6 Qxa6 $15) 19... a4 20. Nc5 Qb6 $15 {[%csl Gb6,Rc5]
[%cal Gb6e3] Die schwarze Dame steht gut auf b6 - sie bindet die weiße Dame
und fesselt den schrecklich postierten Nc5. Zudem hat Schwarz
Angriffsmöglichkeiten auf der b-Linie.} 21. Qg1 Rfb8 {[%cal Gb8b1]} 22. Rc2 $2
{[%mdl 16384] Die einzige Chance war, den Nc5 abzutauschen. Weiß möchte Rdc1
spielen, aber diese ganze Idee erweist sich als fehlerhaft.} (22. Nxb7 Qxb7 $15
) 22... Bc6 $1 23. Ka1 $6 (23. Rdc1 Be8 $17 (23... Ba3 {[%csl Rb2][%cal Rb8b1]}
24. Nxe6 Qb4 (24... Qb7 25. Nc5) 25. Qe1 Qxe1 26. Rxe1 fxe6 27. Rxc6 Rxb2+ 28.
Ka1 $13)) 23... Ra5 {Dieser einfache Zug gewinnt Material.} 24. Na6 $8 Rxa6 25.
Bxa6 Qxa6 $17 {[%mdl 1024] Schwarz hat zwei Leichtfiguren (das Läuferpaar!)
gegen Turm und Bauer. Zudem verfügt er über einen aussichtsreifen Angriff.} 26.
a3 Bf8 (26... Be7 $17) 27. Nc3 $6 (27. Rcd2 $17) 27... Nd7 {[%csl Yb3][%cal
Gd7c5,Gc5b3] Der Springer zielt auf das Feld b3.} 28. Na2 Qb5 29. Qf1 {Der
Damentausch hilft Weiß nicht mehr, aber guter Rat war ohnehin schon teuer.} (
29. Nc3 Qb3 $17) 29... Qxf1 30. Rxf1 Nc5 {[%cal Gc5b3]} 31. Rd1 Bb5 (31... f5
$17) 32. Nc1 f6 {Schwarz braucht sich nicht zu beeilen, er möchte zuerst seine
Königsstellung verbessern. Weiß hat keine aktiven Möglichkeiten - er kann nur
warten.} 33. Rc3 Kf7 34. Rd2 Ba6 35. Ka2 (35. Rdc2 Rb5 $17) 35... Be7 36. Rdc2
Rb5 37. Rc4 $6 (37. b4 $5 axb3+ 38. Nxb3 Nxb3 39. Rxb3 f5 $17) 37... f5 38. Ne2
(38. exf5 exf5 $19) 38... Rb6 $19 {[%cal Ra6e2]} 39. Rb4 (39. R4c3 Bd3 40. Rd2
fxe4 $19) (39. Rxc5 Bxc5 40. Rxc5 Bxe2 $19) 39... Rxb4 40. axb4 Nd3 {[%cal
Rd3b4,Rb4a2,Rb4c2]} 41. Rd2 fxe4 42. fxe4 Bg5 {Weiß gab auf, er verliert
weiteres Material.} (42... Bg5 43. Rd1 Nxb4+ {[%cal Rb4a2,Ra6e2]}) 0-1

[Event "Olympiad-31"]
[Site "Moscow"]
[Date "1994.12.02"]
[Round "2.1"]
[White "Kuczynski, Robert"]
[Black "Polgar, Judit"]
[Result "1-0"]
[WhiteElo "2515"]
[BlackElo "2630"]
[Annotator "Ribli,Z"]
[PlyCount "95"]
[EventDate "1994.12.01"]
[EventType "team-swiss"]
[EventRounds "14"]
[EventCountry "RUS"]
[SourceTitle "CBM 045"]
[Source "ChessBase"]
[SourceDate "1995.04.01"]
[SourceVersion "1"]
[SourceVersionDate "1995.04.01"]
[SourceQuality "1"]
[WhiteTeam "Poland"]
[BlackTeam "Hungary"]
[WhiteTeamCountry "POL"]
[BlackTeamCountry "HUN"]

1. e4 c5 2. Nf3 e6 3. Nc3 a6 4. d4 cxd4 5. Nxd4 Qc7 6. Be2 b5 7. O-O Bb7 8. Re1
Bc5 $6 (8... Nc6 9. Nxc6 dxc6 10. e5 Rd8 11. Bd3 c5 (11... Ne7 12. Bg5 h6 13.
Qh5 $14 {Kamsky,G-Lutz,C/Dortmund/1993/CBM35/}) 12. Qh5 $5 Ne7 13. Bg5 $14 {
Kuczynski,R-Lau,R/Polanica Zdroj/1991/CBM26/}) 9. Bf3 d6 10. Nb3 Nd7 11. e5 $1
dxe5 (11... Nxe5 $2 12. Bxb7 Qxb7 13. Nxc5 dxc5 14. Rxe5 $18) (11... Bxf3 12.
Qxf3 Rd8 13. Qg3 $16) 12. Bxb7 Qxb7 13. Nxc5 Nxc5 14. Rxe5 Rd8 15. Qe2 Nd7 (
15... Na4 $5 16. Nxa4 bxa4 17. Bg5 Ne7 $14) 16. Rg5 $1 g6 (16... Ne7 17. Rxg7
Nf5 18. Ne4 $1 $16 (18. Rg4 Nf6 $14)) 17. a4 $1 h6 18. Rg3 b4 19. Ne4 Qc6 20.
Rd3 Ngf6 21. Nxf6+ Nxf6 22. Rxd8+ Kxd8 23. Qe5 Ke7 24. Bd2 $1 a5 (24... Qb7 25.
Qc5+ $18) 25. Qxa5 Rb8 26. Bxb4+ Ke8 27. Ba3 Nd5 28. Qa7 Rc8 29. c3 g5 30. g3
h5 31. Rd1 Ra8 (31... h4 32. Rxd5 Rc7 33. Qb8+ Rc8 34. Qd6 $18) 32. Qd4 Rxa4
33. Qh8+ Kd7 34. Qxh5 f6 35. Qf7+ Kc8 36. Re1 Ra6 37. Qf8+ Kb7 38. Qf7+ Kc8 39.
h3 Rb6 40. Qf8+ Kb7 41. Rd1 Qc4 42. Qf7+ Kc8 43. Qg6 Kb7 44. Qd3 Qxd3 45. Rxd3
Rb3 46. Kf1 f5 47. Ke2 Nb6 48. Rd4 {Ribli} 1-0